Torturas y abuso de poder

Detalles Bibliográficos
Autor principal: Bergalli, Roberto
Otros Autores: Rivera Beiras, Iąki
Formato: eBook
Lenguaje:español
Publicado: Barcelona : Editorial Anthropos, 2006
Materias:
Acceso en línea:http://www.vlex.com/source/11028

MARC

LEADER 00000nam a22000007a 4500
005 20130425173111.0
007 cr|||| ||||
008 130425e2006 sp |||||s|||| 00||0 spa d
020 |a 84-7658-788-0 
035 |a 11028 
040 |a vLex  
090 |c 4172  |d 4172 
100 1 0 |a Bergalli, Roberto 
245 1 0 |a Torturas y abuso de poder  |c / Roberto Bergalli, Iąki Rivera Beiras   |h [Recurso electrn̤ico] 
256 |a Servicio en ln̕ea 
260 |a Barcelona :  |b Editorial Anthropos,   |c 2006 
300 |a 1 Recurso electrn̤ico 
506 |d vLex Global  |d vLex Global (Academic Edition, excluding Law Schools)  |d vLex Global (U.S. Academic Edition, Law Schools)  |d vLex Global (U.S. Academic Edition, excluding Law Schools)  |d vLex Global (Academic Edition, Law Schools) 
650 4 |a Derechos humanos 
650 4 |a Tortura 
700 1 0 |a Rivera Beiras, Iąki 
740 |a vLex Libros (Servicio en ln̕ea) 
856 |a Acceso restringido  |u http://www.vlex.com/source/11028 
942 |c BOOK 
999 0 |a Human rights